<?xml version="1.0" encoding="UTF-8"?>
<record
    xmlns:xsi="http://www.w3.org/2001/XMLSchema-instance"
    xsi:schemaLocation="http://www.loc.gov/MARC21/slim http://www.loc.gov/standards/marcxml/schema/MARC21slim.xsd"
    xmlns="http://www.loc.gov/MARC21/slim">

  <leader>00424nam a22001697a 4500</leader>
  <datafield tag="999" ind1=" " ind2=" ">
    <subfield code="c">10973</subfield>
    <subfield code="d">10973</subfield>
  </datafield>
  <controlfield tag="003">OSt</controlfield>
  <controlfield tag="008">210814b           ||||| |||| 00| 0 eng d</controlfield>
  <datafield tag="020" ind1=" " ind2=" ">
    <subfield code="a">9788190105910</subfield>
  </datafield>
  <datafield tag="082" ind1=" " ind2=" ">
    <subfield code="a">158.1</subfield>
    <subfield code="b">TOP</subfield>
  </datafield>
  <datafield tag="100" ind1="G" ind2=" ">
    <subfield code="a">TOLLE, Eckhart</subfield>
  </datafield>
  <datafield tag="245" ind1=" " ind2=" ">
    <subfield code="a">The Power of Now: A Guide To Spiritual Enlightenment</subfield>
  </datafield>
  <datafield tag="250" ind1=" " ind2=" ">
    <subfield code="a">Rep</subfield>
  </datafield>
  <datafield tag="260" ind1=" " ind2=" ">
    <subfield code="a">Mumbai</subfield>
    <subfield code="b">Yogi Impressions</subfield>
    <subfield code="c">2020</subfield>
  </datafield>
  <datafield tag="300" ind1=" " ind2=" ">
    <subfield code="a">192</subfield>
  </datafield>
  <datafield tag="650" ind1=" " ind2=" ">
    <subfield code="a">Motivational</subfield>
  </datafield>
  <datafield tag="942" ind1=" " ind2=" ">
    <subfield code="2">ddc</subfield>
    <subfield code="c">BK</subfield>
    <subfield code="0">3</subfield>
  </datafield>
  <datafield tag="952" ind1=" " ind2=" ">
    <subfield code="0">0</subfield>
    <subfield code="1">0</subfield>
    <subfield code="2">ddc</subfield>
    <subfield code="4">0</subfield>
    <subfield code="7">0</subfield>
    <subfield code="8">GENERAL</subfield>
    <subfield code="a">PIET</subfield>
    <subfield code="b">PIET</subfield>
    <subfield code="d">2021-09-22</subfield>
    <subfield code="e">Prism Books and Stationery Shop</subfield>
    <subfield code="f">IN Rupees</subfield>
    <subfield code="g">499.00</subfield>
    <subfield code="k">IN274</subfield>
    <subfield code="l">6</subfield>
    <subfield code="o">158.1 TOP</subfield>
    <subfield code="p">33247</subfield>
    <subfield code="q">2026-06-23</subfield>
    <subfield code="r">2025-12-05 00:00:00</subfield>
    <subfield code="s">2025-12-05</subfield>
    <subfield code="v">399.20</subfield>
    <subfield code="w">2021-09-22</subfield>
    <subfield code="y">BK</subfield>
    <subfield code="z">Motivational</subfield>
  </datafield>
  <datafield tag="952" ind1=" " ind2=" ">
    <subfield code="0">0</subfield>
    <subfield code="1">0</subfield>
    <subfield code="2">ddc</subfield>
    <subfield code="4">0</subfield>
    <subfield code="7">0</subfield>
    <subfield code="8">GENERAL</subfield>
    <subfield code="a">PIET</subfield>
    <subfield code="b">PIET</subfield>
    <subfield code="d">2024-02-08</subfield>
    <subfield code="e">Zafaa Books and Distributors</subfield>
    <subfield code="f">In rupees</subfield>
    <subfield code="g">499.00</subfield>
    <subfield code="k">ZBD0370</subfield>
    <subfield code="l">0</subfield>
    <subfield code="o">158.1 TOP</subfield>
    <subfield code="p">35517</subfield>
    <subfield code="r">2024-02-23 00:00:00</subfield>
    <subfield code="v">349.08</subfield>
    <subfield code="w">2024-02-08</subfield>
    <subfield code="y">REF</subfield>
  </datafield>
  <datafield tag="952" ind1=" " ind2=" ">
    <subfield code="0">0</subfield>
    <subfield code="1">0</subfield>
    <subfield code="2">ddc</subfield>
    <subfield code="4">0</subfield>
    <subfield code="7">0</subfield>
    <subfield code="8">GENERAL</subfield>
    <subfield code="a">PIET</subfield>
    <subfield code="b">PIET</subfield>
    <subfield code="d">2024-02-08</subfield>
    <subfield code="e">Zafaa Books and Distributors</subfield>
    <subfield code="f">In rupees</subfield>
    <subfield code="g">499.00</subfield>
    <subfield code="k">ZBD0370</subfield>
    <subfield code="l">2</subfield>
    <subfield code="o">158.1 TOP</subfield>
    <subfield code="p">35518</subfield>
    <subfield code="r">2026-03-30 00:00:00</subfield>
    <subfield code="s">2026-03-16</subfield>
    <subfield code="v">349.08</subfield>
    <subfield code="w">2024-02-08</subfield>
    <subfield code="y">BK</subfield>
  </datafield>
</record>
